000 01465nam0a2200313 4500
001 RU\NLR\bibl\1074882
005 20260405122804.0
035 _a(NLR Aleph) 001062086
090 _a945054
_c945054
100 _a20070418d2006 |||y0rusy50 ca
101 0 _arus
102 _aRU
105 _aa |||||||||
200 1 _aЖемчужина русского балета - Ольга Спесивцева
_e[жизнь и творчество]
_fЕ. Томина-Петрова
_g[вступ. ст. Нины Аловерт
_gпредисл. Георгия Петрова-Спесивцева]
210 _aСанкт-Петербург
_cLogos
_d2006
215 _a250,[3] с.
_cил., портр.
_d30
300 _aНа обл. авт. не указан
320 _aБиблиогр. в конце кн.
320 _aУказ. имен: с. 247-251
600 1 _aСпесивцева
_bО.А.
_f1895 - 1991
_gОльга Александровна
_91076807
_3RU\NLR\auth\66101570
686 _aЩ335.423(2Р=Рус)53-86Спесивцева
700 1 _4070
_8rus
_7ca
_aТомина-Петрова
_bЕ. Д.
_gЕлена Дмитриевна
_3RU\NLR\auth\7748572
_931507
702 1 _4570
_8rus
_7ca
_aСпесивцева
_bО. А.
_f1895-1991
_gОльга Александровна
_3RU\NLR\auth\7748573
_931508
801 0 _aRU
_bNLR
_c20070418
_gRCR
801 1 _aRU
_bNLR
_c20070418
830 _aавт. по кн.
942 _cBOOK
980 _aNB